| 000 | 02708cam a2200301 a 4500 | ||
|---|---|---|---|
| 999 |
_c57502 _d57502 |
||
| 003 | BJBSDDR | ||
| 005 | 20230410121057.0 | ||
| 007 | ta | ||
| 008 | 910223s2010 nyua b 100 0 eng | ||
| 020 | _a9781591027546 | ||
| 020 | _a1591027543 | ||
| 035 | _a3437435 | ||
| 040 |
_aDLC _cDLC _bspa |
||
| 041 | _aeng | ||
| 043 | _acl----- | ||
| 050 | 1 | 4 |
_aHB 501 _bB655g 2010 |
| 082 | 0 | 0 | _a330.12/2 |
| 100 | 1 |
_aBloom, Howard, _d1943- |
|
| 245 | 1 | 4 |
_aThe genius of the beast : _ba radical re-vision of capitalism / _cHoward Bloom. |
| 260 |
_aAmherst N.Y. : _bPrometheus Books, _c2010 |
||
| 300 |
_a607 p. ; _c24 cm. |
||
| 505 | _aThe mystery of manic-depressive economies -- The birds and the bees of boom and crash -- How passions power the evolutionary search engine -- Truth in the corridors of power -- The greatest hits of history... and how they got to be that way -- The infrastructure of fantasy -- Jacking up the symbol stack -- The transcendence engine -- Emopower: the lift of generous selfishness -- An extra twenty years of life? -- Is gossip good for your health? -- The rocket fuel of empathy. | ||
| 520 | _a"Is global capitalism on its last legs? Is the era of America leadership over? Has the West begun a decline into a new Dark Age? Does American civilization deserve to survive? These are the unnerving questions raised by the Great Crash of 2009." "Howard Bloom has a radically new answer. In The Genius of the Beast, the author of the acclaimed books The Lucifer Principle and Global Brain insists that Western civilization has only begun to realize its full potential. Bloom argues that there's a hidden mandate beneath the surface of capitalism: "It's struggling to whisper and rumble its message to you and me. That hidden imperative can lift us from economic crisis, can make us a leader in the next-generation economy, and can dramatically upgrade our ability to empower our fellow human beings. "Bloom sees crisis as opportunity, opportunity for the whole human race." "The Genius of the Beast takes the reader on a sweeping tour of human history, from the Stone Age to the present. Every chapter conveys a radically new way to see the astonishing mechanism we call Western civilization. Bloom marvels at how humans have turned toxic waste into food and fuel, trash into treasure, and garbage into gold. He shows how we've produced material miracles based on immaterial things - passion, persistence, and fantasy. Bloom shows that what many regard as the end is just the beginning."--BOOK JACKET. | ||
| 650 | 4 |
_aCapitalismo _xAspectos sociales. _91790 |
|
| 650 | 4 |
_aHistoria económica _928 |
|
| 650 | 4 |
_aConsumo (EconomÃa) _xAspectos sociales _918604 |
|
| 942 |
_2lcc _cBK |
||